Regresión lineal y funciones de ajuste (Record no. 23140)

MARC details
000 -LEADER
campo de control de longitud fija 00578nam a2200145 i 4500
001 - NÚMERO DE CONTROL
campo de control 23140
003 - IDENTIFICADOR DE NÚMERO DE CONTROL
campo de control ES-MaACL
007 - CAMPO FIJO DE DESCRIPCIÓN FÍSICA--INFORMACIÓN GENERAL
campo de control de longitud fija t|
008 - DATOS DE LONGITUD FIJA--INFORMACIÓN GENERAL
campo de control de longitud fija 021209s1981 sp ||||1| spa d
100 1# - ENTRADA PRINCIPAL--NOMBRE DE PERSONA
Nombre de persona Alvargonzález Cruz, Rafael.
9 (RLIN) 21012
245 10 - MENCIÓN DEL TÍTULO
Título Regresión lineal y funciones de ajuste
Resto del título : (estudio sobre la determinación de las funciones polinómicas más simples, compatibles con una muestra dada) /
Mención de responsabilidad, etc. Rafael Alvargonzález Cruz.
260 ## - PUBLICACIÓN, DISTRIBUCIÓN, ETC.
Lugar de publicación, distribución, etc. Madrid :
Nombre del editor, distribuidor, etc. Instituto Nacional de Investigaciones Agrarias,
Fecha de publicación, distribución, etc. 1981.
300 ## - DESCRIPCIÓN FÍSICA
Extensión 324 p. ;
Dimensiones 25 cm.
852 ## - LOCALIZACIÓN
Ubicación ES-MaACL
Número de control de estantería L-3802
Sublocalización o colección R.103987
Holdings
Estatus retirado Estado de pérdida Estado de daño No para préstamo Biblioteca de origen Biblioteca actual Ubicación en estantería Fecha de adquisición Fuente de adquisición Total de préstamos Signatura topográfica completa Código de barras Visto por última vez Precio de reemplazo Tipo de ítem Koha
        Biblioteca del Ateneo de Madrid Biblioteca del Ateneo de Madrid Depósito 2 17/01/2008     L-3802 1023840 23/02/2023 23/02/2023 Libro impreso